Horizonte presente Tecnologia e sociedade em debate /

Bibliographic Details
Main Author: Reia, Jhessica
Other Authors: Magrani, Eduardo, Francisco, Pedro Augusto P., Barros, Marina
Format: eBook
Language:Portuguese
Published: Rio de Janeiro: FGV - Direito Rio, 2019
Subjects:
Online Access:Acceso restringido

MARC

LEADER 00000nam a22000007a 4500
005 20190911235630.0
007 cr|||| |||
008 190911s2019 br |||||s|||| 00||0 por d
020 |a 978-85-9530-081-1 
035 |a 30278 
040 |a vLex 
090 |c 9493  |d 9493 
100 1 |a Reia, Jhessica 
245 1 0 |a Horizonte presente  |h [Recurso electrn̤ico] :  |b Tecnologia e sociedade em debate /  |c Jhessica Reia, Eduardo Magrani, Pedro Augusto P. Francisco, Marina Barros 
256 |a Servicio en ln̕ea 
260 |a Rio de Janeiro:  |b FGV - Direito Rio,  |c 2019 
300 |a 1 recurso electrn̤ico 
506 1 |a Disponible solo en los productos indicados  |d vLex Global  |d vLex Global (Academic Edition, excluding Law Schools)  |d vLex Global (U.S. Academic Edition, Law Schools)  |d vLex Global (U.S. Academic Edition, excluding Law Schools)  |d vLex Global (Academic Edition, Law Schools) 
650 0 4 |a Derecho de las Nuevas Tecnologa̕s  |z Brasil 
700 1 |a Magrani, Eduardo 
700 1 |a Francisco, Pedro Augusto P. 
700 1 |a Barros, Marina 
740 0 |a vLex Libros (Servicio en ln̕ea) 
856 4 0 |u http://vlex.com/source/horizonte-presente-tecnologia-sociedade-debates-30278  |z Acceso restringido 
942 |c BOOK 
999 0 |a New Technologies Law